000 00940nam a22001937a 4500
999 _c59365
_d59365
003 Ge_BSU
005 20230131111153.0
008 230131s2006 ge ||||| |||| 00| 0 geo d
020 _a9994009664
041 _ageo
080 _a347.736.3](075.8)+343.535 მ-66
100 _aმიგრიაული, როინ
_91056
245 _aშესავალი გაკოტრების სამართალში :
_b(დამხმ. სახელმძღვ.) /
_cროინ მიგრიაული ; [რედ.: ზურაბ ძლიერიშვილი, ლელა ნადიბაიძე].
250 _aმე-2 გადამუშავებული გამოცემა.
264 _aთბილისი :
_bბონა კაუზა,
_c 2006.
300 _a185 გვ. ; .
_b20 სმ
653 _aგაკოტრების სამართალი
942 _2udc
_cBK